Horror movie trivia - Statistics

General Stats
  • This quiz has been taken 100 times
  • The average score is 6 of 15
Answer Stats
Trivia Answer % Correct
Name the killer doll of Child's Play Chucky
86%
A movie where a cat is named Church who dies and comes back Pet Sematary
79%
Based on which author's book was the movie Kujo based Stephen King
73%
Name the fictional town where the kids grow up in the movie IT Derry
63%
How many demons were inside Emily in The Exorcism of Emily Rose six
50%
How many Paranormal Activity movies were there? six
50%
Name the spanish movie on which the movie Quarantine was based Rec
44%
Name the demon that haunts Regan in The Exorcist Pazuzu
33%
In the movie The Thing (1982), what was the nationality of the researchers who try to kill a dog at the beginning of the film Norwegian
28%
Profession of the mom of Regan in The Exorcist actress
26%
The name of the demon in Sinister Bagul
22%
What was the Japanese film based on which the movie The Grudge was made? Juon
21%
Where was the movie The Nun mostly shot Romania
21%
What is the name of the boy who sees Samara in the movie The Ring Aidan
3%
Name of the grandma who is a witch in the paranormal activity series Louis
3%
No matching quizzes found
Score Distribution
Percent of People with Each Score
Percentile by Number Answered
Your Score History
You have not taken this quiz